000 00524nam a2200145Ia 4500
005 20250217052358.0
008 240331s9999 xx 000 0 und d
082 _bMAH
_a954
245 4 _aThe Mahavamsa :
_bchapters XXV-XXIX
260 _aColombo
_bM.D.Gunasena & Co. Ltd
_c1959
300 _a128 p .,
500 _aThese Chapters (XXV-XXIX) of the Mahavamsa are especially prepared to help the students offering pali as a subject for the G.C.E. Advanced Level Examination
700 _aSamaranayake, D.P.R,.
_eedt
942 _cL
999 _c3492
_d3492